Camille Pissarro, letters to his son Lucien /

Bibliographic Details
Main Author: Pissarro, Camille, 1830-1903
Other Authors: Rewald, John, 1912-1994, Pissarro, Lucien, 1863-1944
Format: Book
Language:English
French
Published: Santa Barbara : Peregrine Smith, 1981
Subjects:

MARC

Tag First Indicator Second Indicator Subfields
LEADER 00000cam a2200000 a 4500
001 in00000086785
005 20151008062749.0
008 801126r1981 caua 00110aengm
010 |a  80027779  
020 |z 087905888 
035 |a (OCoLC)07169662 
035 |9 AAK0887AM 
040 |a DLC  |c DLC  |d m.c.  |d UtOrBLW 
041 1 |a eng  |a fre 
049 |a TXAM  |c [1673476] 
050 0 0 |a ND553.P55  |b A3 1981 
100 1 |a Pissarro, Camille,  |d 1830-1903. 
240 1 0 |a Camille Pissarro, lettres à son fils Lucien.  |l English 
245 1 0 |a Camille Pissarro, letters to his son Lucien /  |c edited with the assistance of Lucien Pissarro by John Rewald. 
264 1 |a Santa Barbara :  |b Peregrine Smith,  |c 1981 
264 4 |c ©1972 
300 |a xvii, 480 pages :  |b illustrations ;  |c 23 cm. 
336 |a text  |b txt  |2 rdacontent 
337 |a unmediated  |b n  |2 rdamedia 
338 |a volume  |b nc  |2 rdacarrier 
500 |a Includes index. 
500 |a Translation of: Camille Pissarro, lettres a son fils Lucien. 
500 |a Reprint of the 3rd edition, revised and enl., published by P.P. Appel, Mamaroneck, N.Y., 1972. 
500 |a First published by Pantheon Books, 1944. 
600 1 0 |a Pissarro, Camille,  |d 1830-1903. 
650 0 |a Painters  |z France  |v Correspondence. 
700 1 |a Rewald, John,  |d 1912-1994. 
700 1 |a Pissarro, Lucien,  |d 1863-1944. 
999 |a MARS 
999 f f |s 3d7adecb-f1a8-3db1-8f69-9bbc5c5f6ee7  |i 2eb3e547-c503-3683-85d5-40b7058252c5  |t 0 
952 f f |p normal  |a Texas A&M University  |b College Station  |c Sterling C. Evans Library  |d Evans: Library Stacks  |t 0  |e ND553.P55 A3 1981  |h Library of Congress classification  |i unmediated -- volume  |m A14805982571 
998 f f |a ND553.P55 A3 1981  |t 0  |l Evans: Library Stacks